[Event "RUS-ch Boys U21 2021"]
[Site "Loo"]
[Date "2021.04.24"]
[Round "4.11"]
[White "Kyshtymov, Daniil"]
[Black "Vetokhin, Savva"]
[Result "0-1"]
[WhiteElo "2137"]
[BlackElo "2261"]
[Annotator "ChessBase"]
[PlyCount "148"]
[EventDate "2021.04.21"]
[EventType "swiss"]
[EventCountry "RUS"]
[SourceTitle "playchess.com"]
[Source "ChessBase"]
[SourceQuality "1"]
[TimeControl "40/5400+30:1800+30"]

1. e4 {[%emt 0:00:00]} e5 {[%emt 0:00:52]} 2. Nf3 {[%emt 0:00:00]} Nf6 {[%emt 0:00:06]} 3. Nxe5 {[%emt 0:00:06]} d6 {[%emt 0:00:08]} 4. Nf3 {[%emt 0:00:10]} Nxe4 {[%emt 0:00:05]} 5. Nc3 {[%emt 0:00:22]} Nxc3 {[%emt 0:00:11]} 6. dxc3 {[%emt 0:00:09]} Be7 {[%emt 0:00:03]} 7. Be3 {[%emt 0:01:37]} O-O {[%emt 0:00:14]} 8. Qd2 {[%emt 0:00:09]} Nd7 {[%emt 0:00:12]} 9. O-O-O {[%emt 0:02:27]} c6 {[%emt 0:00:22]} 10. c4 {[%emt 0:16:16]} Ne5 {[%emt 0:08:20]} 11. Bf4 {[%emt 0:22:25]} Nxf3 {[%emt 0:01:34]} 12. gxf3 {[%emt 0:00:06]} Be6 {[%emt 0:07:52]} 13. Rg1 {[%emt 0:16:21]} Bf6 {[%emt 0:03:52]} 14. Bxd6 {[%emt 0:10:23]} Qb6 {[%emt 0:00:43]} 15. b3 {[%emt 0:07:52]} c5 {[%emt 0:13:36]} 16. Qf4 {[%emt 0:03:12]} Bc3 {[%emt 0:01:09]} 17. Be5 {[%emt 0:03:26]} Bxe5 {[%emt 0:00:26]} 18. Qxe5 {[%emt 0:00:06]} g6 {[%emt 0:03:27]} 19. Bd3 {[%emt 0:02:49]} Rfe8 {[%emt 0:04:05]} 20. Qf6 {[%emt 0:01:41]} Qd8 {[%emt 0:00:28]} 21. Qf4 {[%emt 0:01:33]} Qa5 {[%emt 0:01:01]} 22. Kb2 {[%emt 0:00:17]} Rac8 {[%emt 0:00:33]} 23. h4 {[%emt 0:01:20]} Qc7 {[%emt 0:03:27]} 24. Qf6 {[%emt 0:01:21]} Qe7 {[%emt 0:00:22]} 25. Qf4 {[%emt 0:00:53]} Kg7 {[%emt 0:00:19]} 26. Be4 {[%emt 0:05:03]} b6 {[%emt 0:00:08]} 27. Qg5 {[%emt 0:01:51]} Qf6+ {[%emt 0:00:38]} 28. Kb1 {[%emt 0:01:09]} h6 {[%emt 0:02:56]} 29. Qg3 {[%emt 0:00:52]} h5 {[%emt 0:03:17]} 30. Rd6 {[%emt 0:00:31]} Rcd8 {[%emt 0:00:15]} 31. Rgd1 {[%emt 0:00:15]} Rxd6 {[%emt 0:00:28]} 32. Rxd6 {[%emt 0:00:05]} Qc3 {[%emt 0:01:39]} 33. Rd3 {[%emt 0:00:42]} Qf6 {[%emt 0:00:20]} 34. a4 {[%emt 0:00:54]} Bf5 {[%emt 0:12:53]} 35. Rd6 {[%emt 0:00:32]} Qc3 {[%emt 0:00:44]} 36. Rd3 {[%emt 0:00:33]} Qe1+ {[%emt 0:00:09]} 37. Kb2 {[%emt 0:00:28]} Bxe4 {[%emt 0:00:23]} 38. Re3 {[%emt 0:00:32]} Qh1 {[%emt 0:01:09]} 39. fxe4 {[%emt 0:00:29]} Rxe4 {[%emt 0:00:01]} 40. Rxe4 {[%emt 0:00:00]} Qxe4 {[%emt 0:00:00]} 41. Kb1 {[%emt 0:10:47]} Qd4 {[%emt 0:02:10]} 42. Ka2 {[%emt 0:03:00]} a5 {[%emt 0:02:58]} 43. f3 {[%emt 0:10:08]} Qf6 {[%emt 0:02:40]} 44. Kb1 {[%emt 0:00:47]} Kh6 {[%emt 0:00:19]} 45. Ka2 {[%emt 0:07:27]} g5 {[%emt 0:05:24]} 46. hxg5+ {[%emt 0:00:11]} Qxg5 {[%emt 0:00:01]} 47. Qd6+ {[%emt 0:00:41]} Qg6 {[%emt 0:00:30]} 48. Qf4+ {[%emt 0:01:30]} Kg7 {[%emt 0:00:01]} 49. Kb1 {[%emt 0:00:19]} Qf6 {[%emt 0:00:06]} 50. Qg3+ {[%emt 0:00:33]} Kh6 {[%emt 0:00:14]} 51. f4 {[%emt 0:00:35]} Qf5 {[%emt 0:00:32]} 52. Kb2 {[%emt 0:00:28]} Qg4 {[%emt 0:00:08]} 53. Qe3 {[%emt 0:00:24]} h4 {[%emt 0:00:13]} 54. Ka2 {[%emt 0:00:41]} h3 {[%emt 0:00:25]} 55. Qe5 {[%emt 0:00:25]} Kh7 {[%emt 0:02:30]} 56. Qe4+ {[%emt 0:00:34]} Kh6 {[%emt 0:00:51]} 57. Qe5 {[%emt 0:00:17]} Kg6 {[%emt 0:01:52]} 58. Qh8 {[%emt 0:00:39]} Qh5 {[%emt 0:00:40]} 59. Qg8+ {[%emt 0:00:35]} Kf5 {[%emt 0:00:06]} 60. Qc8+ {[%emt 0:00:29]} Ke4 {[%emt 0:00:57]} 61. Qc6+ {[%emt 0:00:29]} Ke3 {[%emt 0:00:08]} 62. Qh1 {[%emt 0:00:31]} h2 {[%emt 0:00:37]} 63. f5 {[%emt 0:00:31]} Kf2 {[%emt 0:00:13]} 64. f6 {[%emt 0:00:30]} Qh3 {[%emt 0:00:17]} 65. Kb2 {[%emt 0:00:31]} Qg2 {[%emt 0:00:18]} 66. Qc1 {[%emt 0:00:05]} h1=Q {[%emt 0:00:29]} 67. Qf4+ {[%emt 0:00:35]} Qf3 {[%emt 0:00:09]} 68. Qd2+ {[%emt 0:00:11]} Kg3 {[%emt 0:00:17]} 69. Qg5+ {[%emt 0:00:23]} Qg4 {[%emt 0:00:01]} 70. Qe3+ {[%emt 0:00:22]} Qhf3 {[%emt 0:00:05]} 71. Qe5+ {[%emt 0:01:21]} Kg2 {[%emt 0:00:03]} 72. Ka2 {[%emt 0:00:11]} Qfe4 {[%emt 0:00:12]} 73. Qb2 {[%emt 0:00:42]} Qge2 {[%emt 0:00:07]} 74. Kb1 {[%emt 0:00:05]} Qd1+ {[%emt 0:00:06]} 0-1

[Event "RUS-ch Boys U21 2021"]
[Site "Loo"]
[Date "2021.04.24"]
[Round "4.12"]
[White "Shemyakin, Valeriy"]
[Black "Sidorov, Dmitry I"]
[Result "0-1"]
[WhiteElo "2168"]
[BlackElo "2139"]
[Annotator "NA"]
[PlyCount "46"]
[EventDate "2021.04.21"]
[EventType "swiss"]
[EventCountry "RUS"]
[SourceTitle "playchess.com"]
[Source "ChessBase"]
[SourceQuality "1"]
[TimeControl "40/5400+30:1800+30"]

1. d4 {[%emt 0:02:20]} Nf6 {[%emt 0:01:28]} 2. c4 {[%emt 0:00:11]} Nc6 {[%emt 0:00:05]} 3. Nc3 {[%emt 0:06:09]} e5 {[%emt 0:00:03]} 4. d5 {[%emt 0:05:26]} Ne7 {[%emt 0:00:01]} 5. e4 {[%emt 0:02:22]} Ng6 {[%emt 0:00:05]} 6. Be3 {[%emt 0:00:28]} Bb4 {[%emt 0:00:09]} 7. f3 {[%emt 0:00:56]} Bxc3+ {[%emt 0:01:03]} 8. bxc3 {[%emt 0:00:19]} d6 {[%emt 0:04:59]} 9. c5 {[%emt 0:05:41]} O-O {[%emt 0:00:08]} 10. Ne2 {[%emt 0:00:37]} Nh5 {[%emt 0:01:21]} 11. g3 {[%emt 0:07:11]} f5 {[%emt 0:05:55]} 12. exf5 {[%emt 0:00:35]} Bxf5 {[%emt 0:11:28]} 13. g4 {[%emt 0:09:29]} Nh4 {[%emt 0:06:34]} 14. Ng3 {[%emt 0:02:18]} Bd7 {[%emt 0:11:21]} 15. gxh5 {[%emt 0:25:32]} Nxf3+ {[%emt 0:00:19]} 16. Ke2 {[%emt 0:00:17]} Qh4 {[%emt 0:18:36]} 17. Qd3 {[%emt 0:20:41]} e4 {[%emt 0:06:07]} 18. Qxe4 {[%emt 0:03:25]} Qf6 {[%emt 0:22:00]} 19. Bg2 {[%emt 0:03:03]} Bb5+ {[%emt 0:01:48]} 20. Kd1 {[%emt 0:01:46]} Rae8 {[%emt 0:00:29]} 21. Bd4 {[%emt 0:00:48]} Qg5 {[%emt 0:01:28]} 22. Bxf3 {[%emt 0:00:33]} Rxf3 {[%emt 0:01:19]} 23. Qxf3 {[%emt 0:00:15]} Ba4# {[%emt 0:00:04]} 0-1

[Event "RUS-ch Boys U21 2021"]
[Site "Loo"]
[Date "2021.04.25"]
[Round "5.1"]
[White "Tsvetkov, Andrey"]
[Black "Lobanov, Sergei"]
[Result "1/2-1/2"]
[WhiteElo "2404"]
[BlackElo "2520"]
[Annotator "TA"]
[PlyCount "118"]
[EventDate "2021.04.21"]
[EventType "swiss"]
[EventCountry "RUS"]
[SourceTitle "playchess.com"]
[Source "ChessBase"]
[SourceQuality "1"]

{[%evp 13,118,0,0,-5,13,-17,-16,-14,-12,-22,-3,-18,0,0,0,-15,-6,-23,-21,-22,-15,-14,-16,-11,-13,-60,-47,-38,-40,-47,-47,-53,-52,-58,-58,-70,-59,-62,-63,-70,-66,-70,-70,-75,-74,-83,-83,-83,-78,-87,-73,-73,-73,-73,-73,-73,-74,-69,-58,-83,-89,-89,-88,-88,-86,-73,-29,-29,-29,-29,-29,-29,-29,-29,-29,-29,-21,-21,-21,-21,0,0,0,0,0,0,0,0,0,0,0,0,0,0,0,0,0,0,0,0,0,0,0,0,0,0,0]} 1. d4 Nf6 2. c4 e6 3. Nc3 Bb4 4. e3 O-O 5. Bd2 d5 6. Nf3 b6 7. cxd5 exd5 8. Rc1 {E51: Nimzo-Indian: Rubinstein: 4...0-0 5 Nf3 d5.} c5 9. a3 Bxc3 10. Bxc3 c4 11. Be2 {[#]} Ne4 $146 ({Predecessor:} 11... Nc6 12. Ne5 Bb7 13. O-O Re8 14. Bf3 b5 15. b4 Qd6 16. Qd2 Ne7 17. Ng4 Ne4 {1-0 (52) Chylewski,P (2268)-Szpar,M (2339) Krakow 2019}) 12. O-O Nxc3 13. bxc3 Bf5 14. Ne5 Nd7 15. Bg4 Bxg4 16. Qxg4 Nxe5 17. dxe5 Qe7 18. Qd4 Rad8 19. e4 dxe4 20. Qxe4 Rfe8 21. Qxc4 Qxe5 22. h3 g6 23. Rfd1 Rc8 24. Qa4 Re7 25. Rd3 Rc5 26. Re3 Qc7 27. Rxe7 Qxe7 $15 {[%mdl 4096] Endgame KQR-KQR} 28. Qb4 Qe5 29. g3 h5 30. h4 Kg7 31. a4 Kg8 32. Qb3 Qe2 33. c4 Rf5 34. Rc2 Qe1+ 35. Kg2 Qe4+ 36. Kh2 g5 37. hxg5 h4 38. Rd2 {[#]} hxg3+ $1 39. Qxg3 Rf4 {aiming for ...Rh4+.} 40. Rd8+ Kh7 $1 41. Qd3 $1 Rxf2+ 42. Kg3 Rg2+ 43. Kh3 Qxd3+ 44. Rxd3 Rxg5 $11 {[#] Hoping for ...Kg6. KR-KR} 45. Rd7 {The position is equal.} Ra5 46. c5 $1 bxc5 47. Rxf7+ Kg6 48. Rf4 Ra6 49. Rc4 Rc6 50. Kg4 Kf6 {And now ...Ke5 would win.} 51. Kf4 Ke6 {Strongly threatening ...Kd5.} 52. Ke4 Kd6 53. Kd3 Kd5 54. Rh4 Rg6 55. Rh5+ Kc6 56. Rh4 Kb6 57. Kc4 Rg5 58. Rh6+ Ka5 59. Rd6 a6 {Weighted Error Value: White=0.04/Black=0.03} 1/2-1/2

[Event "RUS-ch Boys U21 2021"]
[Site "Loo"]
[Date "2021.04.25"]
[Round "5.2"]
[White "Murzin, Volodar"]
[Black "Obgolts, Erik"]
[Result "1-0"]
[WhiteElo "2478"]
[BlackElo "2414"]
[Annotator "TA"]
[PlyCount "55"]
[EventDate "2021.04.21"]
[EventType "swiss"]
[EventCountry "RUS"]
[SourceTitle "playchess.com"]
[Source "ChessBase"]
[SourceQuality "1"]

{[%evp 9,55,3,25,25,50,30,45,43,38,48,41,50,74,79,90,54,54,45,74,77,110,100,108,110,124,123,157,145,149,147,148,164,166,165,152,154,279,120,476,481,454,477,4874,2436,5495,5010,2609,2330]} 1. e4 c6 2. Nf3 d5 3. d3 g6 4. e5 Bg7 5. d4 Bg4 6. Nbd2 {B10: Caro-Kann: 2 d3 and 2 c4.} Nh6 {[#]} 7. h3 $146 ({Predecessor:} 7. Bd3 O-O 8. h3 Bxf3 9. Nxf3 f6 10. O-O Nf7 11. exf6 exf6 12. Re1 Nd7 13. c3 {0-1 (29) Sylbing,G-Wisman,H Haarlem 1998}) 7... Bc8 8. Bd3 {White is slightly better.} O-O 9. O-O f6 10. Re1 e6 11. exf6 Qxf6 12. Nf1 {[%cal Bd2f1,Bf1e3,Be3g4][%mdl 32]} Nf7 13. c4 Nd7 14. Ne3 e5 {[#] And now ...e4 would win.} 15. cxd5 {Hoping for Ng4.} exd4 16. Ng4 Qd6 17. dxc6 Qxc6 18. Bf4 Nc5 19. Bc4 Bxg4 20. hxg4 b5 21. Bxf7+ Rxf7 {[#]} 22. Be5 {Rc1 is the strong threat.} (22. Nxd4 Qb6 $11) 22... Rd8 (22... Bf8 $16 23. Qxd4 (23. Nxd4 Qd7 $16) 23... Rd7) 23. Rc1 ({Not} 23. Nxd4 Qb6 $11) (23. Bxg7 $18 {has better winning chances.} Rxg7 24. Rc1 (24. Nxd4 Qf6 $14)) 23... Qb6 $2 {[%mdl 8192] This costs Black the game.} (23... d3 $16 {is a better chance.}) 24. Ng5 $18 {White is clearly winning.} d3 {Threatens to win with ...d2.} 25. Nxf7 d2 (25... Kxf7 $142 26. Qd2 Ne6 27. Bxg7 Kxg7) 26. Nxd8 dxe1=Q+ 27. Qxe1 Nd3 28. Qd2 {Weighted Error Value: White=0.09/Black=0.53} 1-0

[Event "RUS-ch Boys U21 2021"]
[Site "Loo"]
[Date "2021.04.25"]
[Round "5.4"]
[White "Makarian, Rudik"]
[Black "Golikov, Daniil"]
[Result "0-1"]
[WhiteElo "2468"]
[BlackElo "2250"]
[Annotator "TA"]
[PlyCount "87"]
[EventDate "2021.04.21"]
[EventType "swiss"]
[EventCountry "RUS"]
[SourceTitle "playchess.com"]
[Source "ChessBase"]
[SourceQuality "1"]

{[%evp 10,87,35,28,36,31,72,57,57,55,58,62,54,64,64,56,60,56,52,45,52,45,45,12,45,21,12,23,22,0,0,0,0,0,0,0,0,-8,-6,-111,-111,-117,-97,-116,-107,-128,-98,-131,-98,-116,-54,-77,-78,-118,-110,-202,0,-116,0,-211,-200,-393,-417,-446,-440,-519,-509,-1209,-1284,-1258,-1271,-1057,-989,-973,-924,-29978,-29979,-29979,-29980,-5177]} 1. d4 Nf6 2. c4 e6 3. g3 Bb4+ 4. Bd2 Qe7 5. Bg2 Nc6 6. e3 Bxd2+ {E00: Catalan Bogo-Indian (3 g3 Bb4+).} 7. Nxd2 d5 8. Ngf3 O-O {White is slightly better.} 9. O-O b6 10. Rc1 Bb7 11. Qa4 {[#]} Qe8 $146 ({Predecessor:} 11... Qd6 12. Rfd1 Ne7 13. b4 c6 14. c5 Qd8 15. Qc2 Ba6 16. Ne5 Nd7 17. Ndf3 Nxe5 18. dxe5 {0-1 (33) Bilyap,S-Weiner,M ICCF corr 1965}) 12. Qa3 a5 13. Rfe1 Rc8 14. cxd5 exd5 15. Bh3 Rb8 16. Qc3 Qe7 17. Ne5 Nxe5 18. dxe5 Ne8 19. e4 c5 20. exd5 Bxd5 21. Nc4 Nc7 22. Nd6 Ne6 23. Rcd1 Nd4 24. Bg2 (24. a3 $11 {keeps the balance.}) 24... Bxa2 $17 25. f4 Be6 26. Rd2 Qd7 27. Be4 {next f5! is good for White.} g6 28. Rf1 Bh3 29. Rff2 Qa4 (29... Rbd8 $17 30. Qc4 Qe7) 30. Qd3 Qb3 31. Qb1 Qe6 32. Qd3 (32. Bd3 $17) 32... Qb3 ({Better is} 32... Rbd8 $19 33. Nb5 Kg7 34. Nxd4 Rxd4) 33. Qb1 $1 Qe6 (33... Rbd8 $17 34. Qd1 Qxd1+ 35. Rxd1 f6) 34. Qd3 $1 $19 Rbd8 35. Rd1 $2 (35. Nb5 {keeps fighting.}) 35... f6 36. Bxg6 fxe5 ({And not} 36... hxg6 37. Qxg6+ Kh8 38. Qh6+ Kg8 39. Qg6+ Kh8 40. Qh6+ Kg8 41. Qg6+ $11) 37. Bxh7+ Kh8 38. fxe5 (38. Nb7 $142 Rd7 39. Be4 exf4 40. Re1) 38... Rxf2 39. Kxf2 Rf8+ 40. Kg1 Qxe5 {[#] aiming for ...Nf3+.} 41. Nc4 Qh5 42. Be4 Ne2+ 43. Kh1 {[#]} Nxg3+ $1 {[%mdl 512]} 44. hxg3 {Weighted Error Value: White=0.44/Black=0.14} 0-1

[Event "RUS-ch Boys U21 2021"]
[Site "Loo"]
[Date "2021.04.25"]
[Round "5.5"]
[White "Stukan, Martin"]
[Black "Shubin, Kirill"]
[Result "1-0"]
[WhiteElo "2390"]
[BlackElo "2466"]
[Annotator "RC"]
[PlyCount "96"]
[EventDate "2021.04.21"]
[EventType "swiss"]
[EventCountry "RUS"]
[SourceTitle "playchess.com"]
[Source "ChessBase"]
[SourceQuality "1"]
[TimeControl "40/5400+30:1800+30"]

1. e4 {[%emt 0:00:00]} e6 {[%emt 0:00:00]} 2. d4 {[%emt 0:00:00]} d5 {[%emt 0:00:00]} 3. Nc3 {[%emt 0:00:00]} Nf6 {[%emt 0:00:00]} 4. Bg5 {[%emt 0:00:00]} dxe4 {[%emt 0:00:00]} 5. Nxe4 {[%emt 0:00:00]} Be7 {[%emt 0:00:00]} 6. Bxf6 {[%emt 0:00:00]} gxf6 {[%emt 0:00:00]} 7. Qd2 {[%emt 0:00:00]} c5 {[%emt 0:00:03]} 8. Nxc5 {[%emt 0:20:01]} Bxc5 {[%emt 0:00:14]} 9. dxc5 {[%emt 0:00:16]} Qxd2+ {[%emt 0:00:05]} 10. Kxd2 {[%emt 0:00:02]} Ke7 {[%emt 0:00:07]} 11. Nf3 {[%emt 0:11:25]} a5 {[%emt 0:00:40]} 12. Ke3 {[%emt 0:11:27]} Nd7 {[%emt 0:06:23]} 13. c6 {[%emt 0:04:37]} bxc6 {[%emt 0:00:16]} 14. Be2 {[%emt 0:04:59]} c5 {[%emt 0:03:32]} 15. Nd2 {[%emt 0:00:52]} Bb7 {[%emt 0:00:16]} 16. Bf3 {[%emt 0:00:26]} Bxf3 {[%emt 0:00:17]} 17. Kxf3 {[%emt 0:00:54]} h5 {[%emt 0:02:30]} 18. Nc4 {[%emt 0:12:58]} Ne5+ {[%emt 0:03:53]} 19. Nxe5 {[%emt 0:01:17]} fxe5 {[%emt 0:00:02]} 20. Rhe1 {[%emt 0:00:16]} f6 {[%emt 0:00:49]} 21. Re4 {[%emt 0:00:08]} Rhb8 {[%emt 0:04:40]} 22. b3 {[%emt 0:03:17]} Rb4 {[%emt 0:00:21]} 23. Rd1 {[%emt 0:02:33]} Rd4 {[%emt 0:03:28]} 24. Rdxd4 {[%emt 0:00:20]} cxd4 {[%emt 0:00:15]} 25. Ke2 {[%emt 0:00:18]} Rc8 {[%emt 0:02:03]} 26. Kd2 {[%emt 0:00:07]} Kf7 {[%emt 0:00:04]} 27. Re1 {[%emt 0:17:49]} h4 {[%emt 0:04:29]} 28. Re4 {[%emt 0:00:53]} Rg8 {[%emt 0:00:04]} 29. g3 {[%emt 0:00:44]} hxg3 {[%emt 0:00:03]} 30. hxg3 {[%emt 0:00:02]} Rc8 {[%emt 0:01:01]} 31. f4 {[%emt 0:01:09]} Rc5 {[%emt 0:00:08]} 32. fxe5 {[%emt 0:00:28]} fxe5 {[%emt 0:00:07]} 33. c4 {[%emt 0:00:45]} dxc3+ {[%emt 0:01:49]} 34. Kc2 {[%emt 0:00:02]} Kf6 {[%emt 0:00:05]} 35. Rc4 {[%emt 0:01:03]} Rd5 {[%emt 0:00:17]} 36. Kxc3 {[%emt 0:00:20]} Kf5 {[%emt 0:00:12]} 37. g4+ {[%emt 0:00:09]} Kg5 {[%emt 0:00:05]} 38. Re4 {[%emt 0:01:03]} Rc5+ {[%emt 0:00:05]} 39. Kd3 {[%emt 0:00:10]} Kf6 {[%emt 0:00:09]} 40. a3 {[%emt 0:00:00]} Rd5+ {[%emt 0:00:00]} 41. Kc4 {[%emt 0:01:41]} Rd1 {[%emt 0:01:39]} 42. b4 {[%emt 0:02:25]} axb4 {[%emt 0:00:30]} 43. axb4 {[%emt 0:00:30]} Rc1+ {[%emt 0:05:37]} 44. Kb5 {[%emt 0:01:28]} Rf1 {[%emt 0:00:03]} 45. Kc5 {[%emt 0:12:18]} Rc1+ {[%emt 0:00:04]} 46. Rc4 {[%emt 0:03:35]} Re1 {[%emt 0:00:07]} 47. b5 {[%emt 0:00:30]} e4 {[%emt 0:00:10]} 48. Rb4 {[%emt 0:11:01]} e5 {[%emt 0:03:23]} 1-0

[Event "RUS-ch Boys U21 2021"]
[Site "Loo"]
[Date "2021.04.25"]
[Round "5.6"]
[White "Pogosyan, Stefan"]
[Black "Vetokhin, Savva"]
[Result "0-1"]
[WhiteElo "2444"]
[BlackElo "2261"]
[Annotator "TA"]
[PlyCount "120"]
[EventDate "2021.04.21"]
[EventType "swiss"]
[EventCountry "RUS"]
[SourceTitle "playchess.com"]
[Source "ChessBase"]
[SourceQuality "1"]

{[%evp 12,120,-2,0,4,4,14,10,18,18,13,15,26,0,0,0,0,0,0,0,0,0,23,-17,0,0,4,0,6,9,31,0,17,0,0,0,0,0,0,0,0,0,27,9,10,14,50,58,120,88,121,0,0,-20,-20,-20,-20,-30,-22,-116,-116,-120,-115,-116,-118,-407,-402,-393,-337,-337,-337,-337,-337,-337,-229,-215,-201,-193,-153,-386,-153,-337,-337,-337,-337,-337,-337,-337,-337,-337,-125,-126,-10,-14,-8,-737,-737,-737,-737,-737,-671,-646,-597,-734,-730,-723,-716,-619,-597,-597,-464]} 1. Nf3 Nf6 2. c4 e6 3. Nc3 d5 4. d4 Bb4 5. Qa4+ Nc6 6. a3 Bxc3+ 7. bxc3 O-O {D38: Queen's Gambit Declined: Ragozin Defence (4 Nf3 Bb4).} 8. Bg5 h6 9. Bh4 g5 {The position is equal.} 10. Bg3 Ne4 11. Qc2 h5 12. h4 Nxg3 13. fxg3 g4 {[%cal Rg4f3]} 14. Ng5 {[%csl Gg5][%cal Rc2h7]} f5 15. e3 Qd6 {[#]} 16. Kf2 $146 ({Predecessor:} 16. Qf2 Na5 17. cxd5 exd5 18. Bd3 c5 19. O-O c4 20. Bc2 Bd7 21. Kh2 Rae8 22. a4 {1-0 (49) Ghane Gardeh,S (2339)-Xiu,D (2492) Bangkok 2012}) 16... Ne7 17. cxd5 (17. c5 $5 {[%cal Rc5d6]} Qd7 18. c4 $11) 17... exd5 18. c4 c6 19. Bd3 Bd7 20. Rhc1 Kg7 21. Rab1 dxc4 22. Qxc4 b6 23. Qb4 Qxb4 24. axb4 Rfc8 25. e4 fxe4 26. Bxe4 Bf5 27. Bxf5 Nxf5 28. Ne6+ Kh6 29. Rb2 a5 (29... Ne7 $14) 30. bxa5 $16 bxa5 31. Rbc2 ({White should play} 31. Rc5 $16 Ne7 32. Nf4) 31... a4 $11 32. d5 c5 33. Nxc5 (33. Rxc5 Rxc5 34. Nxc5 Rc8 $17) 33... a3 34. Ra2 Nd6 {White must now prevent ...Rxc5!} 35. Nd3 (35. Ke3 $11) 35... Ne4+ $17 36. Ke1 {White wants to play Rxc8.} Rxc1+ 37. Nxc1 {[%mdl 4096] Endgame KRN-KRN} Nc3 ({Of course not} 37... Nxg3 $6 38. d6 $11) 38. Rd2 $2 {[%mdl 8192]} (38. Ra1 $17) 38... a2 $1 $19 {[%cal Ra2a1]} 39. Nxa2 Nxa2 {KRN-KR} 40. d6 Nc3 {And now ...Ra1+ would win.} 41. d7 Rd8 42. Rd4 Nb5 43. Rd5 Nc7 44. Rd6+ Kg7 45. Ke2 $2 (45. Kf2 $17) 45... Kf7 $2 (45... Nb5 $1 $19 {[%cal Rb5d6] is more deadly.} 46. Rd3 Kf6) 46. Ke3 $2 (46. Rh6 $17) 46... Ne6 $1 47. Rd5 {[#]} Ng7 48. Ke4 Ke6 49. Re5+ Kxd7 50. Kf4 {If White can now play Kg5 this consolidates a bit.} Re8 $2 (50... Rc8 $19 {has better winning chances. ...Kd6 is the strong threat.} 51. Kg5 Rc6) 51. Ra5 $17 {[#] Black should prevent Ra7+.} Ke7 (51... Kd6 $1 $17 {aiming for ...Ne6+.} 52. Ra6+ Kd5 53. Ra5+ Kd6 54. Ra6+ Kd5 55. Ra5+ Kd6) 52. Kg5 $11 Kf7 {Hoping for ...Re6.} 53. Kh6 $2 {[%mdl 8192]} (53. Ra7+ $11 Kf8 54. Ra6) 53... Rh8+ $19 {Black is clearly winning.} 54. Kg5 Ne6+ 55. Kf5 Rh6 56. Ra7+ Kg8 57. Ra2 Ng7+ 58. Kg5 Kh7 59. Rf2 Rg6+ 60. Kf4 Kh6 {Weighted Error Value: White=0.43/Black=0.20} 0-1

[Event "RUS-ch Boys U21 2021"]
[Site "Loo"]
[Date "2021.04.25"]
[Round "5.7"]
[White "Makoveev, Ilya"]
[Black "Zhafyarov, Adel"]
[Result "1-0"]
[WhiteElo "2315"]
[BlackElo "2252"]
[Annotator "TA"]
[PlyCount "93"]
[EventDate "2021.04.21"]
[EventType "swiss"]
[EventCountry "RUS"]
[SourceTitle "playchess.com"]
[Source "ChessBase"]
[SourceQuality "1"]

{[%evp 18,93,64,72,77,53,87,78,70,67,80,79,89,86,81,66,87,70,75,81,83,75,82,51,56,10,27,12,30,32,19,9,34,11,38,37,229,227,221,241,482,507,695,675,1865,716,753,764,727,512,468,0,695,517,829,798,880,433,427,433,412,393,391,352,843,808,29983,29984,29984,29975,29975,29976,29963,29963,11172,10493,29984,920]} 1. e4 e5 2. Nf3 Nf6 3. Nxe5 d6 4. Nf3 Nxe4 5. d4 Be7 6. Bd3 Nf6 7. O-O O-O 8. h3 Re8 9. c4 Nbd7 {[%cal Bb8d7,Bd7f8,Bf8e6][%mdl 32]} 10. Nc3 Nf8 {C42: Petroff Defence: 3 Nxe5 and unusual White 3rd moves.} 11. b4 c6 {[#]} 12. a4 $146 ({Predecessor:} 12. Bf4 a6 13. a4 a5 14. b5 c5 15. Qc2 d5 16. Nxd5 Nxd5 17. cxd5 Qxd5 18. Be4 {½-½ (47) Sidorenko,I (2395)-Lurie,M (2331) Israel 2019}) 12... d5 {White is better.} 13. c5 Ne6 14. Be3 Nd7 15. Qd2 Bf6 16. Ne2 Ndf8 17. Rfe1 Bd7 18. b5 b6 19. Rac1 Rc8 20. bxc6 Bxc6 21. Bb5 Qd7 22. Qd3 Rb8 23. Bxc6 Qxc6 24. cxb6 Qxb6 25. Nc3 Qa5 26. Qf5 Red8 {[#] White leaves nothing to chance now.} ({Black should play} 26... Nc7 $1 $14) 27. Ne4 $1 $18 {[%mdl 576] Pin} Nd7 {[#]} 28. Bg5 $1 Bxd4 (28... Qxe1+ {might work better.} 29. Rxe1 dxe4) 29. Bxd8 Rxd8 30. Neg5 Bf6 {next ...g6 is good for Black.} 31. Nxe6 (31. Qxh7+ $142 Kf8 {[#]} 32. Nh4 $1 Bxg5 33. Nf5 Qxe1+ 34. Rxe1) 31... fxe6 32. Qxe6+ Kf8 33. Qd6+ Kg8 34. Qe6+ (34. Qc6 $142) 34... Kf8 $1 35. Rcd1 d4 (35... Qb6 $142 36. Rxd5 Qxe6 37. Rxe6 Re8 38. Rxe8+ (38. Rxd7 Rxe6 39. Rxa7 Re2 $16) 38... Kxe8) 36. Nxd4 Nc5 37. Qe3 (37. Qe2 $142 {And now Nc6! would win.} Qxa4 38. Nb5) 37... Qxa4 {[#]} 38. Nc2 {[%mdl 512]} Rc8 39. Qe2 Ne4 {[#]} 40. Nd4 $1 {[%mdl 512]} Nc3 (40... Re8 41. Nb5 Re5) 41. Qg4 Rc4 42. Ne6+ Kg8 {[#]} 43. Rd8+ $1 {[%mdl 512]} Kf7 44. Qh5+ {[%mdl 64] Double Attack} Ke7 45. Nc5+ {[%mdl 64] Discovered Attack} Kxd8 46. Nxa4 {Re8+ would kill now.} Rxa4 47. Qf7 {Weighted Error Value: White=0.43/Black=0.77} (47. Qe8+ $142 Kc7 48. Re6 Ne2+ 49. Rxe2 Ra1+ 50. Kh2 Rc1 51. Qe3 Rc4 52. Qxa7+ Kd6 53. Qb6+ Kd5 54. Qb5+ Kd6 55. Qb6+ Kd5 56. Qb5+ Rc5 57. Rd2+ Ke4 58. Qxc5) 1-0